Reservé. La vérité sur l'affaire Waddington. Documents relatifs à l'assassinat de Mr. Ernest Balmaceda Bello, Secrétaire de la Légation du Chili en Belgique commis á Bruxelles le 24 février 1906

-д хадгалсан:
Номзүйн дэлгэрэнгүй
Үндсэн зохиолч: Balmaceda, J. Rafael (Зохиогч)
Формат: Ном
Хэл сонгох:франц
испани
Хэвлэсэн: Santiago Imprimerie et lithographie Franco-chilienne 1906
Хэвлэл:1a. ed
Нөхцлүүд:
Шошгууд: Шошго нэмэх
Шошго байхгүй, Энэхүү баримтыг шошголох эхний хүн болох!

MARC

LEADER 00000nam a2200000 a 4500
001 UCJ5184
003 CL-VaPUC
008 070124e19060000CL |||||||||||||||||fre|d
041 0 7 |a fre  |2 CL-VaPUC 
041 0 7 |a spa  |2 CL-VaPUC 
082 0 4 |a 983  |b BAL  |2 21 
100 0 |a Balmaceda, J. Rafael  |e author  |9 510036 
245 1 0 |a Reservé. La vérité sur l'affaire Waddington. Documents relatifs à l'assassinat de Mr. Ernest Balmaceda Bello, Secrétaire de la Légation du Chili en Belgique commis á Bruxelles le 24 février 1906 
246 1 0 |a Reservado. La verdad sobre el asunto Waddington. Documentos relativos al asesinato del Sr. Ernesto Balmaceda Bello, Secretario de la Legación de Chile en Bélgica, cometido en Bruselas el 24 de febrero de 1906 
250 |a 1a. ed 
300 |a 141 p 
942 |c BK 
945 |d 20070124 00:00:00  |a rinostro 
260 |a Santiago  |b Imprimerie et lithographie Franco-chilienne  |c 1906 
500 |a Front., fotografía de Ernesto Balmaceda Bello 
600 0 7 |a BELLO CODESIDO, EMILIO  |2 CL-VaPUC  |9 504380 
600 0 7 |a WADDINGTON, CARLOS  |2 CL-VaPUC  |9 510037 
600 0 7 |a WADDINGTON, ADELAIDA  |2 CL-VaPUC  |9 510038 
600 0 7 |a BALMACEDA BELLO, ERNESTO  |2 CL-VaPUC  |9 510039 
650 7 |a CRIMENES PASIONALES  |2 CL-VaPUC  |9 510040 
650 0 |a Iconografía   |9 267998 
650 0 |a Historia de Chile  |9 265473 
583 |a last modification  |c 20070124 00:00:00  |k Rodrigo Vera 
999 |c 321297  |d 321295 
952 |0 0  |1 0  |4 0  |6 983_000000000000000_BAL_1906  |7 0  |8 X  |9 399999  |a FDOBUD  |b FDOBUD  |d 2019-11-22  |i 103099K  |o 983 BAL 1906  |p 103099K  |r 2019-11-22  |w 2019-11-22  |y BK_X  |k BUD